000 00299nam a22001337a 4500
008 170401b xxu||||| |||| 00| 0 eng d
020 _a9780065008432
041 _aeng
080 _a574
100 _a9
101 _aSHM
245 _aTHE ILLUSTRATED FIVE KINGDOMS
_cSCHWARTZ, K.V
942 _2udc
_cBK
999 _c9442
_d9442